Manual de comunicaciòn interna, para Agencia Naviera Europea S. A / (Registro nro. 14528)

000 -CABECERA
Campo de control de longitud fija 00808nam a22001577a 4500
008 - CAMPO FIJO DE DESCRIPCIÓN FIJA--INFORMACIÓN GENERAL
Campo de control de longitud fija 140624b2008 ho ||||| |||| 00| 0 spa d
090 ## - CAMPOS LOCALES
Número de clasificación (OCLC) ; Número de clasificación,LLAMADA (RLIN) 00385
Signatura local (OCLC) ; Signatura sin dividir, número de libro, CALL (RLIN) CCP 2020
100 ## - ENCABEZAMIENTO PRINCIPAL--NOMBRE PERSONAL
Nombre de persona Tercero Rivas, Alejandra Michelle
9 (RLIN) 97
245 ## - TÍTULO PROPIAMENTE DICHO
Título Manual de comunicaciòn interna, para Agencia Naviera Europea S. A /
Mención de responsabilidad, etc. Alejandra Michelle Tercero Rivas
260 ## - PUBLICACIÓN, DISTRIBUCIÓN, ETC (PIE DE IMPRENTA)
Lugar de publicación, distribución, etc. Honduras, San Pedro Sula :
Nombre del editor, distribuidor, etc. Universidad de San Pedro Sula,
Fecha de publicación, distribución, etc. 2020
300 ## - DESCRIPCIÓN FÍSICA
Extensión 83p.
502 ## - NOTA DE TESIS
Programa Académico Licenciatura en Ciencias de la Comunicaciòn y Pùblicidad /
Nombre de la institución que otorga el título Universidad de San Pedro Sula.
650 ## - ASIENTO SECUNDARIO DE MATERIA--TÉRMINO DE MATERIA
Subdivisión general PROPUESTA DEFINITIVA
-- PLAN DE INVERSIÒN
-- EL SISTEMA DE RECURSOS HUMANOS
-- EL PRODUCTO O SERVICIO
9 (RLIN) 1034
856 ## - ACCESO ELECTRÓNICO
Identificador uniforme del recurso URI https://drive.google.com/open?id=1lcWjJBH_xj7LX4pXe-XgEnniBnwQSVAx
942 ## - ELEMENTOS KOHA
Fuente de clasificación o esquema de ordenación en estanterías
Koha tipo de item Monografía
Parte de Clasificación 00385 CCP 2020
Existencias
Localización actual Fecha adquisición Mostrar en OPAC Fecha de Descarte Asignatura Ejemplar Fuente de clasificación o esquema Tipo de Descarte Disponibilidad Signatura completa Localización permanente Código de barras Formato de Material Colección Fecha última consulta Estado
Biblioteca Central 2022-09-05 2022-09-05USAPEj. 1 NULLNULL00385 CCP 2020Biblioteca Central 19653PapelHemeroteca2022-09-05NULL

Campus Universitario - Ave. Circunvalación - San Pedro Sula, Honduras, C.A. / Tel: +504 2561.8777 / Fax: +504 2561.8787 / Email: info@usap.edu
Todos los Derechos Reservados. © MMXIII Universidad de San Pedro Sula